Statistics for Σημαίες της Μεσογείου

Click here to take the quiz!

General Stats

  • This quiz has been taken 302 times
  • The average score is 16 of 21

Answer Stats

Answer% Correct
Ελλάδα
100%
Ιταλία
98%
Αλβανία
98%
Γαλλία
97%
Ισπανία
97%
Ισραήλ
95%
Κύπρος
93%
Τουρκία
93%
Κροατία
82%
Αίγυπτος
81%
Βοσνία-Ερζεγοβίνη
77%
Λίβανος
77%
Μάλτα
71%
Τυνησία
66%
Μαρόκο
59%
Σλοβενία
58%
Αλγερία
56%
Μονακό
54%
Μαυροβούνιο
53%
Λιβύη
48%
Συρία
46%

Score Distribution

Percentile by Number Answered

Percent of People with Each Score

Your Score History

You have not taken this quiz